Catálogo
Digital

Catálogo
Digital

Ecuador frente a la crisis internacional 1927-1937 (Record no. 11011)

MARC details
000 -LEADER
campo de control de longitud fija 01440nam a2200373Ia 4500
001 - NÚMERO DE CONTROL
campo de control UNACH-14657
003 - IDENTIFICADOR DE NÚMERO DE CONTROL
campo de control OSt
005 - FECHA Y HORA DE LA ÚLTIMA TRANSACCIÓN
campo de control 20230323155946.0
007 - CAMPO FIJO DE DESCRIPCIÓN FÍSICA--INFORMACIÓN GENERAL
campo de control de longitud fija ta
008 - DATOS DE LONGITUD FIJA--INFORMACIÓN GENERAL
campo de control de longitud fija 221212s ||||fr|||| 00| | spa d
020 ## - NÚMERO INTERNACIONAL ESTÁNDAR DEL LIBRO
Número Internacional Estándar del Libro 978-994-293-541-0
040 ## - FUENTE DE CATALOGACIÓN
Centro/agencia transcriptor .
041 0# - CÓDIGO DE IDIOMA
Código de lengua del texto/banda sonora o título independiente spa
082 04 - NÚMERO DE LA CLASIFICACIÓN DECIMAL DEWEY
Número de clasificación 330
Número de ítem Economía.
100 1# - ENTRADA PRINCIPAL--NOMBRE DE PERSONA
Nombre de persona Naranjo Navas, Christian Paúl,
Término indicativo de función/relación autor
245 10 - MENCIÓN DEL TÍTULO
Título Ecuador frente a la crisis internacional 1927-1937
250 ## - MENCION DE EDICION
Mención de edición Primera edición
264 31 - PRODUCCIÓN, PUBLICACIÓN, DISTRIBUCIÓN, FABRICACIÓN Y COPYRIGHT
Producción, publicación, distribución, fabricación y copyright [Riobamba] :
-- Avenida Eloy Alfaro y 10 de Agosto :
-- Ecuador :
-- Campus La Dolorosa :
Nombre del de productor, editor, distribuidor, fabricante Unidad de Publicaciones y de la Propiedad Intelectual Universidad Nacional de Chimborazo,
Fecha de producción, publicación, distribución, fabricación o copyright 2018
264 31 - PRODUCCIÓN, PUBLICACIÓN, DISTRIBUCIÓN, FABRICACIÓN Y COPYRIGHT
Nombre del de productor, editor, distribuidor, fabricante Producción UNACH
300 ## - DESCRIPCIÓN FÍSICA
Extensión 171 páginas :
Otras características físicas imágenes, tablas
336 ## - TIPO DE CONTENIDO
Término de tipo de contenido texto
Código de tipo de contenido txt
Fuente rdacontent
337 ## - TIPO DE MEDIO
Nombre/término del tipo de medio no mediado
Código del tipo de medio n
Fuente rdamedia
338 ## - TIPO DE SOPORTE
Nombre/término del tipo de soporte volumen
Código del tipo de soporte nc
Fuente rdacarrier
504 ## - NOTA DE BIBLIOGRAFÍA, ETC.
Nota de bibliografía, etc. Incluye índice, biografía, anexos.
505 0# - NOTA DE CONTENIDO CON FORMATO
Nota de contenido con formato Estudios previos de la gran depresión.-- Ecuador antes de la gran depresión.-- Políticas económicas.-- Apuntes finales.
650 14 - PUNTO DE ACCESO ADICIONAL DE MATERIA--TÉRMINO DE MATERIA
Término de materia o nombre geográfico como elemento de entrada ECUADOR
650 24 - PUNTO DE ACCESO ADICIONAL DE MATERIA--TÉRMINO DE MATERIA
Término de materia o nombre geográfico como elemento de entrada CRISIS INTERNACIONAL
650 24 - PUNTO DE ACCESO ADICIONAL DE MATERIA--TÉRMINO DE MATERIA
Término de materia o nombre geográfico como elemento de entrada EXPORTACIONES
650 24 - PUNTO DE ACCESO ADICIONAL DE MATERIA--TÉRMINO DE MATERIA
Término de materia o nombre geográfico como elemento de entrada POLÍTICAS ECONÓMICAS
650 24 - PUNTO DE ACCESO ADICIONAL DE MATERIA--TÉRMINO DE MATERIA
Término de materia o nombre geográfico como elemento de entrada VARIABLES MACROECONÓMICOS
856 40 - LOCALIZACIÓN Y ACCESO ELECTRÓNICOS
Identificador Uniforme de Recursos <a href="http://obsinvestigacion.unach.edu.ec/obsrepositorio/archivospdf/Ecuador_frente_a_la%20crisis.pdf">http://obsinvestigacion.unach.edu.ec/obsrepositorio/archivospdf/Ecuador_frente_a_la%20crisis.pdf</a>
Texto de enlace Libro digital Ecuador frente a la crisis internacional 1927-1937
942 ## - ELEMENTOS DE ENTRADA SECUNDARIOS (KOHA)
Fuente del sistema de clasificación o colocación Clasificación Decimal Dewey
Tipo de ítem Koha Libros
Suprimir en OPAC No
Holdings
Estado de pérdida Fuente del sistema de clasificación o colocación Estado de daño No para préstamo Biblioteca de origen Biblioteca actual Sección Fecha de adquisición Coste, precio normal de compra Total de préstamos Signatura topográfica completa Código de barras Visto por última vez Precio de reemplazo Tipo de ítem Koha Nota pública
  Clasificación Decimal Dewey     Biblioteca Campus Norte Biblioteca Campus Norte Economía 10/03/2020 0.50   330 NAR L014233 L014233 15/12/2022 15/12/2022 Libros Libro físico y digital Producción UNACH

Powered by Koha